|
|
|
|
| LEADER |
00000nab a2200000 a 4500 |
| 001 |
vtls000562794 |
| 003 |
SK-MaSNL |
| 005 |
20260303012957.0 |
| 008 |
120929c1995 xo 0 slo |
| 015 |
|
|
|a SNBRB19rr/mm-uuuuu
|
| 035 |
|
|
|a CL0562932
|
| 040 |
|
|
|a SNKBUCL
|b slo
|c SNKBUCL
|e AACR2
|
| 041 |
0 |
|
|a slo
|
| 044 |
|
|
|a xo
|c SK
|
| 080 |
|
|
|a 657.37:658.15
|2 1981
|
| 080 |
|
|
|a 658.15
|2 1981
|
| 100 |
1 |
|
|a Janok, Michal,
|d 1943-
|4 aut
|9 206093
|
| 245 |
1 |
0 |
|a Čo má obsahovať výročná správa firmy
|c Michal Janok
|
| 300 |
|
|
|b Sch. 1, res. angl.
|
| 650 |
0 |
7 |
|a firmy
|2 snkbucl
|9 2190
|
| 650 |
0 |
7 |
|a správy výročné
|2 snkbucl
|9 849315
|
| 655 |
|
7 |
|a články z novín a časopisov
|2 snkbucl
|9 267496
|
| 773 |
0 |
|
|t Zvesti
|g Roč. 3, č. 10 (1995), s. 230-233
|x 1335-1222
|
| 850 |
|
|
|a Slovenská národná knižnica v Martine
|a MTA001
|
| 852 |
|
|
|a SNK
|b KIS3GCP
|
| 958 |
|
|
|a RK
|
| 992 |
|
|
|a RBX
|
| 999 |
|
|
|c 1600076
|d 1602006
|